000 00445nam a2200181Ia 4500
001 8095
005 20260306160544.0
008 260306t2016||||xx |||||||||||||| ||spa||
041 _aESP
082 _a370.1
_bP86
100 _aPring, Richard
_eAUT
245 0 _aUna filosofía de la educación políticamente incómoda
260 _c2016
300 _a157 páginas :
_c24 cm.
650 _aGEN
654 _aCED
942 _cLIB
_dJUS
_fJUS
_2ddc
_n
999 _c8095
_d8095